[Event "NVM U16 2015"]
[Site "Kiel"]
[Date "2015.09.10"]
[Round "2.2"]
[White "Richter, Philipp"]
[Black "Dörp, Max Marian"]
[Result "0-1"]
[WhiteElo "1496"]
[BlackElo "1620"]
[PlyCount "86"]
[EventDate "2015.??.??"]
[WhiteTeam "VfL Gräfenhainichen"]
[BlackTeam "Lübecker SV von 1873"]

1. e4 e5 2. Nf3 Nc6 3. Bc4 Nf6 4. d4 exd4 5. Nxd4 Nxe4 6. Nxc6 bxc6 7. Qe2 Qe7
8. O-O Nc5 9. Re1 Qxe2 10. Rxe2+ Be7 11. Nc3 d5 12. Bb3 Be6 13. Bf4 Bd6 14.
Bxd6 cxd6 15. Rae1 O-O 16. Nb1 a5 17. c3 Nxb3 18. axb3 Rfb8 19. c4 d4 20. Nd2
a4 21. f4 g6 22. Nf3 d3 23. Rd2 axb3 24. Rxd3 Bxc4 25. Rxd6 Bd5 26. Ne5 Rd8 27.
Rd7 Rxd7 28. Nxd7 Kg7 29. Nb6 Rb8 30. Nxd5 cxd5 31. Kf2 Rc8 32. Ke3 Re8+ 33.
Kd2 Rxe1 34. Kxe1 Kf6 35. Kd2 Kf5 36. Kc3 Ke4 37. Kxb3 Kd3 38. Ka2 Kc2 39. b4
d4 40. b5 d3 41. b6 d2 42. b7 d1=Q 43. b8=Q Qd5+ 0-1

[Event "NVM U16 2015"]
[Site "Kiel"]
[Date "2015.09.10"]
[Round "2.3"]
[White "Kroschel, Anton"]
[Black "Koppe, Carl"]
[Result "1-0"]
[WhiteElo "1494"]
[BlackElo "1479"]
[PlyCount "93"]
[EventDate "2015.??.??"]
[WhiteTeam "Lübecker SV von 1873"]
[BlackTeam "VfL Gräfenhainichen"]

1. Nf3 Nc6 2. d4 d5 3. c4 e6 4. Nc3 Nf6 5. Bg5 Be7 6. e3 h6 7. Bh4 O-O 8. a3 a6
9. Qc2 dxc4 10. Bxc4 b5 11. Bd3 Bb7 12. b4 Nd5 13. Bxe7 Ncxe7 14. Ne4 Nb6 15.
O-O Bxe4 16. Bxe4 Ned5 17. Rac1 Rc8 18. Ne5 Qd6 19. Qe2 Nd7 20. Rc6 Qe7 21.
Bxd5 Nxe5 22. dxe5 exd5 23. Rxa6 Qxe5 24. Qxb5 Ra8 25. h3 Rxa6 26. Qxa6 d4 27.
exd4 Qxd4 28. Qb5 Rc8 29. a4 c5 30. bxc5 Rxc5 31. Qe8+ Kh7 32. Re1 Rc4 33. Qxf7
Qc5 34. Re6 Rc1+ 35. Kh2 Qc2 36. a5 Qb1 37. Re3 Qb8+ 38. g3 Qa8 39. Qf5+ Kh8
40. Qf3 Qd8 41. a6 Ra1 42. Qf7 Kh7 43. Re8 Qa5 44. Qg8+ Kg6 45. Re6+ Kf5 46.
Qf7+ Kg5 47. Qg6# 1-0

[Event "NVM U16 2015"]
[Site "Kiel"]
[Date "2015.09.10"]
[Round "2.4"]
[White "Wilhelm, Dominik"]
[Black "Nagy, Lukas"]
[Result "1-0"]
[WhiteElo "1193"]
[BlackElo "1313"]
[PlyCount "65"]
[EventDate "2015.??.??"]
[WhiteTeam "VfL Gräfenhainichen"]
[BlackTeam "Lübecker SV von 1873"]

1. e3 Nf6 2. c4 e6 3. Nc3 d5 4. d4 c6 5. Nf3 Bb4 6. Bd2 O-O 7. a3 Bxc3 8. Bxc3
Nbd7 9. Qc2 Ne4 10. Bd3 Ndf6 11. O-O Qc7 12. Ne5 Nxc3 13. Qxc3 dxc4 14. Qxc4
Nd5 15. Qc2 f5 16. Kh1 Rf6 17. Rg1 h5 18. Rae1 Rh6 19. e4 Nf4 20. Bc4 Kf8 21.
Bb3 h4 22. exf5 h3 23. g3 Ng2 24. Re2 Ke7 25. Bxe6 Bxe6 26. fxe6 Rxe6 27. Ng6+
Kf6 28. Rxe6+ Kxe6 29. Qe4+ Kf7 30. Ne5+ Kg8 31. Qg4 Qc8 32. Qf3 Qf8 33. Qb3+
1-0

[Event "NVM U16 2015"]
[Site "Kiel"]
[Date "2015.09.10"]
[Round "2.1"]
[White "Stelmaszyk, Nico"]
[Black "Reyher, Susan"]
[Result "1-0"]
[WhiteElo "1611"]
[BlackElo "1562"]
[PlyCount "47"]
[EventDate "2015.??.??"]
[WhiteTeam "SK Lehrte von 1919 e. V."]
[BlackTeam "SV Glück auf Rüdersdorf e.V."]

1. e4 e5 2. Nf3 Nc6 3. Bc4 Bc5 4. d3 Nf6 5. Nc3 d6 6. Be3 Bb6 7. Qd2 h6 8. h3
Be6 9. Bb3 Qd7 10. d4 Bxb3 11. axb3 O-O-O 12. d5 Na5 13. Bxb6 cxb6 14. b4 Nc4
15. Qe2 b5 16. b3 Nb6 17. Rxa7 Rde8 18. O-O Kd8 19. Re1 Ke7 20. Qxb5 Qc7 21.
Qc6 bxc6 22. Rxc7+ Kd8 23. Rxc6 Nc8 24. Nb5 1-0

[Event "NVM U16 2015"]
[Site "Kiel"]
[Date "2015.09.10"]
[Round "2.2"]
[White "Gohlke, Tobias"]
[Black "Brockmeyer, Tobias"]
[Result "1/2-1/2"]
[WhiteElo "1446"]
[BlackElo "1524"]
[PlyCount "124"]
[EventDate "2015.??.??"]
[WhiteTeam "SV Glück auf Rüdersdorf e.V."]
[BlackTeam "SK Lehrte von 1919 e. V."]

1. d4 Nf6 2. c4 e6 3. Nc3 Bb4 4. a3 Bxc3+ 5. bxc3 O-O 6. Bg5 d5 7. e3 Nbd7 8.
Nf3 h6 9. Bh4 c6 10. Bd3 Qa5 11. Qb3 dxc4 12. Bxc4 Ne4 13. Rc1 Nb6 14. Bd3 Nd6
15. Be7 Nb5 16. Bxb5 Re8 17. Bxc6 Rxe7 18. Bb5 Bd7 19. Bxd7 Rxd7 20. O-O Rc8
21. c4 Rdc7 22. c5 Nd7 23. Qb4 Qa6 24. Rc2 b6 25. Rfc1 bxc5 26. dxc5 Qd3 27. h3
Qd5 28. Rd2 Qf5 29. Nd4 Qh5 30. c6 Nf6 31. Rdc2 Qd5 32. Rc5 Qe4 33. Nb5 Qxb4
34. axb4 Re7 35. c7 Nd5 36. Nxa7 Rcxc7 37. Nc6 Red7 38. b5 Rb7 39. Rb1 Rb6 40.
Nd4 Rdb7 41. Rc8+ Kh7 42. Rc6 Nc7 43. Rc5 Kg6 44. e4 Na6 45. Rc6 Nc7 46. Rxb6
Rxb6 47. e5 f6 48. f4 Kf7 49. Kf2 g5 50. g3 Kg6 51. Kf3 h5 52. g4 Nd5 53. f5+
exf5 54. gxf5+ Kf7 55. e6+ Ke7 56. Rc1 Kd6 57. Ke4 Nc7 58. e7 Ne8 59. Rc6+ Rxc6
60. Nxc6 Kd7 61. Kf3 Nd6 62. Nd4 Kxe7 1/2-1/2

[Event "NVM U16 2015"]
[Site "Kiel"]
[Date "2015.09.10"]
[Round "2.3"]
[White "Thormann, Georg"]
[Black "Giese, Patrick"]
[Result "0-1"]
[WhiteElo "1162"]
[BlackElo "1569"]
[PlyCount "100"]
[EventDate "2015.??.??"]
[WhiteTeam "SK Lehrte von 1919 e. V."]
[BlackTeam "SV Glück auf Rüdersdorf e.V."]

1. e4 c5 2. Nc3 g6 3. b3 Bg7 4. Bb2 e6 5. Nge2 Ne7 6. d4 cxd4 7. Nxd4 Nbc6 8.
Nxc6 bxc6 9. Bd3 d5 10. O-O O-O 11. Re1 Qa5 12. Qd2 d4 13. Nb1 Qc7 14. c3 c5
15. c4 Bb7 16. a3 e5 17. b4 Rae8 18. a4 Qc6 19. Bc2 f5 20. Ba3 cxb4 21. Bxb4
Qxc4 22. Na3 Qc6 23. Bxe7 Rxe7 24. Bb3+ Kh8 25. Bc2 Rd8 26. f3 Qc5 27. Kh1 fxe4
28. fxe4 Rf7 29. Bd3 Rdf8 30. Qc2 Qd6 31. Rab1 Qxa3 32. Bc4 Rf2 33. Qd1 Qc3 34.
Bd3 Qc7 35. Qg4 Bc8 36. Qg5 Qc3 37. Qg3 Qc6 38. Rb8 Ba6 39. Qxf2 Rxb8 40. Bxa6
Qxa6 41. Qc2 Rf8 42. h3 Rf1+ 43. Rxf1 Qxf1+ 44. Kh2 d3 45. Qd2 Qe2 46. Qc3 h6
47. Qc4 Qe3 48. Qb3 Qxe4 49. Qb8+ Kh7 50. Qxa7 d2 0-1

[Event "NVM U16 2015"]
[Site "Kiel"]
[Date "2015.09.10"]
[Round "2.4"]
[White "Richter, Robert"]
[Black "Meiwes, Thore"]
[Result "1-0"]
[WhiteElo "1396"]
[BlackElo "1217"]
[PlyCount "105"]
[EventDate "2015.??.??"]
[WhiteTeam "SV Glück auf Rüdersdorf e.V."]
[BlackTeam "SK Lehrte von 1919 e. V."]

1. e4 c5 2. Nf3 Nc6 3. d4 cxd4 4. Nxd4 g6 5. Nc3 Bg7 6. Be3 Nf6 7. Bc4 O-O 8.
f3 d6 9. Qd2 Bd7 10. O-O-O Rc8 11. h4 Ne5 12. Bb3 a6 13. Bh6 Nc4 14. Bxc4 Rxc4
15. Bxg7 Kxg7 16. h5 Nxh5 17. g4 Rh8 18. gxh5 f6 19. hxg6 hxg6 20. Rxh8 Qxh8
21. Rg1 Kf7 22. Nd5 Rc8 23. Qd3 Qh6+ 24. Kb1 Qh2 25. Rc1 Ba4 26. Nb6 Bxc2+ 27.
Nxc2 Rc6 28. Qd5+ e6 29. Qb3 f5 30. exf5 gxf5 31. Nc4 b5 32. N4e3 Rc5 33. Nd4
Rxc1+ 34. Kxc1 Qe5 35. Qd3 Qc5+ 36. Kb1 Kf6 37. Nb3 Qc6 38. Qd4+ e5 39. Qd3 Qd7
40. Nc5 Qc6 41. Qxf5+ Ke7 42. Qh7+ Kd8 43. Ne6+ Kc8 44. Qg8+ Kb7 45. Nd8+ Kb6
46. Nxc6 Kxc6 47. Qd5+ Kd7 48. Nf5 Kc7 49. Qxd6+ Kb7 50. Qc5 Kb8 51. Nd6 Ka8
52. Qc8+ Ka7 53. Qb7# 1-0

[Event "NVM U16 2015"]
[Site "Kiel"]
[Date "2015.09.10"]
[Round "2.1"]
[White "Kiesel, Lucas"]
[Black "Andresen, Marc"]
[Result "1-0"]
[WhiteElo "1735"]
[BlackElo "1417"]
[PlyCount "123"]
[EventDate "2015.??.??"]
[WhiteTeam "SV Laatzen"]
[BlackTeam "SC Caissa Falkensee e.V."]

1. Nf3 Nf6 2. g3 b6 3. Bg2 Bb7 4. O-O e6 5. b3 c5 6. c4 d5 7. Bb2 Nbd7 8. d3
Bd6 9. Nbd2 Qc7 10. Rc1 d4 11. Ng5 h6 12. Nge4 Bc6 13. e3 e5 14. Ba3 O-O 15.
Re1 Rfd8 16. exd4 exd4 17. f4 Nxe4 18. Nxe4 Bxe4 19. Bxe4 Rab8 20. Rb1 Nf6 21.
Bf3 Re8 22. Qd2 Qd7 23. Qg2 Qf5 24. Qd2 Ng4 25. Bxg4 Qxg4 26. Kg2 Re6 27. Rxe6
fxe6 28. Re1 Rf8 29. Qe2 Qxe2+ 30. Rxe2 Re8 31. Kf3 h5 32. Bc1 g6 33. h3 Kg7
34. Bd2 Re7 35. g4 hxg4+ 36. hxg4 e5 37. fxe5 Rxe5 38. Rxe5 Bxe5 39. Bg5 Bf6
40. Bf4 Be7 41. Ke4 Kf6 42. Kd5 a6 43. Kc6 b5 44. cxb5 axb5 45. Kxb5 g5 46. Bc7
Ke6 47. a4 Bd6 48. Bxd6 Kxd6 49. a5 Ke5 50. a6 Kf4 51. a7 Kxg4 52. a8=Q Kh3 53.
Qf3+ Kh4 54. Kxc5 g4 55. Qg2 g3 56. Kxd4 Kg4 57. Ke4 Kh4 58. Kf4 Kh5 59. Qxg3
Kh6 60. Kf5 Kh7 61. Kf6 Kh8 62. Qg7# 1-0

[Event "NVM U16 2015"]
[Site "Kiel"]
[Date "2015.09.10"]
[Round "2.2"]
[White "Lubanski, Jacob"]
[Black "Korb, Ruben"]
[Result "0-1"]
[WhiteElo "1199"]
[BlackElo "1656"]
[PlyCount "176"]
[EventDate "2015.??.??"]
[WhiteTeam "SC Caissa Falkensee e.V."]
[BlackTeam "SV Laatzen"]

1. e4 e5 2. Nf3 Nc6 3. Bc4 Bc5 4. Nc3 Nf6 5. d3 d6 6. Bg5 Be6 7. Nd5 Bxd5 8.
Bxd5 h6 9. Bh4 O-O 10. Qd2 Qe7 11. g4 g5 12. Nxg5 Nxe4 13. Bxe4 hxg5 14. Qxg5+
Qxg5 15. Bxg5 Nd4 16. Bf6 Nxc2+ 17. Kd2 Nxa1 18. h4 Rfe8 19. h5 Re6 20. g5 Bd4
21. h6 Rxf6 22. gxf6 Bxb2 23. h7+ Kh8 24. Rb1 Bd4 25. Rxb7 Rf8 26. Rxc7 d5 27.
Bf5 Bxf2 28. Kc1 Bd4 29. Kd2 a5 30. Rd7 a4 31. Rb7 e4 32. dxe4 dxe4 33. Bxe4
Bxf6 34. Rb1 Rd8+ 35. Ke2 Re8 36. Kf3 Be5 37. Rb7 Rf8 38. Bd5 Kxh7 39. Rxf7+
Rxf7+ 40. Bxf7 a3 41. Bc4 Kg7 42. Ke4 Kf6 43. Kd5 Nc2 44. Bb3 Ne3+ 45. Ke4 Nf5
46. Kd5 Ne7+ 47. Kc5 Kf5 48. Kb4 Bd6+ 49. Kc4 Ke5 50. Kd3 Ng6 51. Bg8 Be7 52.
Ke3 Kd6 53. Kd4 Bf6+ 54. Kc4 Kc6 55. Kb4 Be7+ 56. Kc4 Kb6 57. Kd4 Kb5 58. Bc4+
Kb4 59. Bg8 Bf6+ 60. Kd3 Ne5+ 61. Kc2 Nf3 62. Bh7 Kc4 63. Bg8+ Kd4 64. Kb3 Be7
65. Kc2 Ne1+ 66. Kb3 Kd3 67. Bh7+ Kd2 68. Bg6 Kc1 69. Bh7 Nf3 70. Bg6 Nd2+ 71.
Kc3 Bf6+ 72. Kb4 Bb2 73. Bh7 Nf1 74. Bg6 Nd2 75. Bf5 Nf3 76. Bg6 Nd4 77. Bh7
Nc2+ 78. Kb3 Nd4+ 79. Kc4 Ba1 80. Kb4 Kb2 81. Bg8 Ne2 82. Kc4 Nc1 83. Kd4 Nxa2
84. Ke3 Kb1 85. Kd2 Bg7 86. Kd1 Nc1 87. Kd2 Kb2 88. Kd1 Nb3 0-1

[Event "NVM U16 2015"]
[Site "Kiel"]
[Date "2015.09.10"]
[Round "2.3"]
[White "Wehrhahn, Duncan"]
[Black "Seitz, Manuel"]
[Result "1/2-1/2"]
[WhiteElo "1269"]
[BlackElo "1085"]
[PlyCount "95"]
[EventDate "2015.??.??"]
[WhiteTeam "SV Laatzen"]
[BlackTeam "SC Caissa Falkensee e.V."]

1. e4 e5 2. Nf3 Nc6 3. d4 d6 4. dxe5 dxe5 5. Qxd8+ Kxd8 6. Nc3 Bd6 7. Bc4 f6 8.
Be3 Bg4 9. h3 Bxf3 10. gxf3 a6 11. a3 Kd7 12. O-O-O Rd8 13. f4 Kc8 14. fxe5
Nxe5 15. Be2 Ne7 16. Rd2 g5 17. Rf1 N5g6 18. Nd5 Nxd5 19. Rxd5 Nf4 20. Bg4+ Kb8
21. Rf5 Rhf8 22. h4 h6 23. hxg5 fxg5 24. Rh1 Rxf5 25. Bxf5 Rh8 26. Kb1 h5 27.
Bd4 Rg8 28. Be3 h4 29. Bd4 Be7 30. Be5 Ng6 31. Bd4 Nf4 32. Be3 Ng2 33. Bd2 g4
34. e5 c6 35. Be4 Rf8 36. Rg1 h3 37. Bxg2 Rxf2 38. Be4 Rxd2 39. Rxg4 h2 40.
Rg8+ Rd8 41. Rg7 Re8 42. Rh7 Bg5 43. Rxh2 Rxe5 44. Bf3 Rf5 45. Rh8+ Kc7 46. Bg4
Rf4 47. Rc8+ Kb6 48. Be2 1/2-1/2

[Event "NVM U16 2015"]
[Site "Kiel"]
[Date "2015.09.10"]
[Round "2.4"]
[White "Jungandreas, Tillmann"]
[Black "Scholz, Tom"]
[Result "1-0"]
[WhiteElo "1209"]
[BlackElo "1150"]
[PlyCount "99"]
[EventDate "2015.??.??"]
[WhiteTeam "SC Caissa Falkensee e.V."]
[BlackTeam "SV Laatzen"]

1. e4 e5 2. Nf3 Nc6 3. Bc4 Nf6 4. Ng5 d5 5. exd5 b5 6. dxc6 bxc4 7. Qe2 Qd5 8.
Nc3 Qxc6 9. Qxe5+ Be7 10. Nf3 Be6 11. Qb5 Qxb5 12. Nxb5 Nd5 13. Nfd4 Bd7 14.
Nc3 Nxc3 15. dxc3 O-O 16. O-O c5 17. Nf3 Bf5 18. Ne5 Bxc2 19. Nxc4 Bf6 20. Ne3
Bg6 21. Rd1 Bh5 22. Rd5 Bg6 23. Rxc5 Rfd8 24. Rd5 Re8 25. Bd2 Be4 26. Ra5 h6
27. Ng4 Bd8 28. Re5 Bb6 29. Re1 Rxe5 30. Nxe5 Bf5 31. Nc4 Bc5 32. Re5 Bxf2+ 33.
Kxf2 Be6 34. Rc5 Rd8 35. Be3 g5 36. a3 f5 37. Ne5 f4 38. Bd4 Rb8 39. b4 Kf8 40.
Rc7 Ke8 41. Bxa7 Rd8 42. Rh7 Rd6 43. Rxh6 Ke7 44. Bc5 g4 45. Bxd6+ Kxd6 46.
Rxe6+ Kxe6 47. Nxg4 Kf5 48. Kf3 Ke6 49. Kxf4 Kd6 50. h4 1-0